| 000 | 00785nam a22001937a 4500 | ||
|---|---|---|---|
| 003 | OSt | ||
| 005 | 20260128093211.0 | ||
| 008 | 230320b ||||| |||| 00| 0 eng d | ||
| 040 | _cOst | ||
| 041 | _ashan | ||
| 082 | _a375 | ||
| 245 |
_aပပ်ႉႁဵၼ်းလိၵ်ႈတႆးမႂ်ႇၸၼ်ႉႁႃႈ။ _cလုမ်းပၢႆးပၺႃႇမိူင်းတႆး ပေႃႉပိုၼ်ဢွၵ်ႇ- |
||
| 260 |
_aယၼ်ႇၵုင်ႇ _bတိူၵ်ႈပေႃႉလိၵ်ႈတႆးလႅင်း _c1964 |
||
| 300 |
_a248 ၼႃႈ _bႁၢင်ႈ (သီ) _c18 ၸိၼ်ႇထီႇ |
||
| 500 | _a S-SAT: Dr. Prof Sai Aung Tun | ||
| 650 |
_aပပ်ႉၵၢၼ်ႁဵၼ်း _97196 |
||
| 942 | _cBK | ||
| 942 | _2ddc | ||
| 999 |
_c23416 _d23416 |
||